Snatch!
Narra la historia de Harry, un falsificador de pasaporte, que se ve envuelto en los planes de un viejo compañero de trabajo llamado John. En ella, junto a otros compañeros, planean el reemplazo de bebes de un viudo rico, pero los planes no salen como esperaban ante el comportamiento cariñoso y alegr...
Enregistré dans:
| Auteur principal: | |
|---|---|
| Format: | Livre |
| Langue: | Undetermined |
| Publié: |
Londres, Inglaterra
The Companion Book Club
1969
|
| Sujets: | |
| Tags: |
Ajouter un tag
Pas de tags, Soyez le premier à ajouter un tag!
|
MARC
| LEADER | 00000nam a2200000Ia 4500 | ||
|---|---|---|---|
| 008 | 170316s9999 xx 000 0 und d | ||
| 040 | |a cru BVZT | ||
| 090 | |a 820 A-2s | ||
| 100 | |a Airth, Rennie | ||
| 245 | |a Snatch! | ||
| 260 | |a Londres, Inglaterra | ||
| 260 | |b The Companion Book Club | ||
| 260 | |c 1969 | ||
| 300 | |a 256 páginas | ||
| 520 | |a Narra la historia de Harry, un falsificador de pasaporte, que se ve envuelto en los planes de un viejo compañero de trabajo llamado John. En ella, junto a otros compañeros, planean el reemplazo de bebes de un viudo rico, pero los planes no salen como esperaban ante el comportamiento cariñoso y alegre de Albert, el bebe reemplazo, que ganará el corazón de su alrededor | ||
| 650 | |a LITERATURA INGLESA |9 12 | ||
| 650 | |a NOVELA |9 13 | ||
| 999 | |c 6701 |d 6701 | ||
| 942 | |c 15 D |h 820 A-2s |2 z | ||
